000 00448nam a2200181Ia 4500
008 230524s9999 xx 000 0 und d
020 _a9788120351042
082 _bKUM
100 _aSanjay Kumar
245 0 _aWave Propagation and Antenna Engineering
250 _a1
260 _aNew Delhi
_bPHI
_c2016
300 _a"XVI,603p;"
500 _aQuantity Number: 1
650 _aElectronics
700 _aSaurab Shukla
_942731
942 _cBK
999 _c57714
_d57714